| 000 | 00732nam a2200241 i 4500 | ||
|---|---|---|---|
| 001 | 168210 | ||
| 003 | ES-MaACL | ||
| 005 | 20250717013109.0 | ||
| 008 | 931025s18901899sp |||| | spa d | ||
| 040 |
_bspa _cPAB |
||
| 080 | _a821.133.1 Stendhal 1.07 | ||
| 080 | _a929 Stendhal | ||
| 100 | 1 |
_aZola, Émile, _d1840-1902 _9118331 |
|
| 245 | 1 | 0 |
_aStendhal _b: biografía y estudio crítico / _cpor E. Zola. |
| 260 |
_aMadrid : _bLa España Moderna, _c[189-?] |
||
| 300 |
_a64 p. ; _c17 cm. |
||
| 490 | 1 | _aPersonajes ilustres | |
| 500 | _aPalau 380634. | ||
| 600 | 0 | 4 |
_aStendhal, _d1783-1842 _9108086 |
| 830 | 0 |
_aPersonajes ilustres _9176457 |
|
| 852 |
_aES-MaACL _j1815-F-4 _z-- Rúst. |
||
| 999 |
_c168210 _d168210 |
||